| 000 | 00550nam a2200181Ia 4500 | ||
|---|---|---|---|
| 005 | 20250326143248.0 | ||
| 008 | 250326s9999 xx 000 0 und d | ||
| 037 | _aTextbook | ||
| 040 |
_aFMSL _beng _cFMSL |
||
| 041 |
_aeng _2eng |
||
| 084 |
_aY48 N9 _qFMSL |
||
| 100 | _aRausch E | ||
| 245 | 0 |
_aHigh quality leadership : practical guidelines tobecoming a more effective manager _cRausch E; Washbush J B |
|
| 260 |
_aNew Delhi _bNew Delhi, Prentice Hall _c1999 |
||
| 300 | _a292p | ||
| 942 |
_cTB _hY48 N9 |
||
| 999 |
_c1298827 _d1298827 |
||